00221nam a2200073Ia 4500008004100000100002800041245003600069260004200105201210s9999 xx 000 0 und d aHarvard Business Review 0aManaging Projects and Programes aBostonbHarvard Business School Press